书目信息 |
| 题名: |
真科学
|
|
| 作者: | 齐曼 著 ;匡辉 , 张成岗 , 曾国屏 译 | |
| 分册: | ||
| 出版信息: | 上海 上海科技教育出版社 2002 |
|
| 页数: | 499页 | |
| 开本: | 20cm | |
| 丛书名: | 哲人石丛书 | |
| 单 册: | ||
| 中图分类: | G301 | |
| 科图分类: | ||
| 主题词: | 科学学 | |
| 电子资源: | ||
| ISBN: | 7-5428-3042-2 | |
| 000 | 01032oam2 2200301 450 | |
| 001 | 120000001566 | |
| 005 | 20050929165135.90 | |
| 010 | @a7-5428-3042-2@dCNY32.40 | |
| 100 | @a20050122d2002 ekmy0chiy0120 ea | |
| 101 | 1 | @achi@ceng |
| 102 | @aCN@b310000 | |
| 105 | @ay az 001yy | |
| 200 | 1 | @a真科学@9zhen ke xue@e它是什么,它指什么@f(英)约翰·齐曼著@F(ying)yue han·qi man zhu@g曾国屏,匡辉,张成岗译 |
| 210 | @a上海@c上海科技教育出版社@d2002 | |
| 215 | @a499页@d20cm | |
| 225 | 2 | @a哲人石丛书@h第二辑@i当代科学思潮系列 |
| 320 | @a有书目及索引 | |
| 330 | @a本书作者从自然主义视角出发,对自然科学和人文科学进行了广角特写;通俗地介绍了科学的概念、建制、学术性、学院科学、知识产生的新模式等。 | |
| 461 | 0 | @12001 @a哲人石丛书 |
| 462 | 0 | @12001 @a当代科学思潮系列 |
| 606 | 0 | @a科学学 |
| 690 | @aG301@v4 | |
| 701 | 0 | @a齐曼@Aqi man@4著 |
| 702 | 0 | @a匡辉@9kuang hui@4译 |
| 702 | 0 | @a张成岗@9zhang cheng gang@4译 |
| 702 | 0 | @a曾国屏@9zeng guo ping@4译 |
| 801 | 0 | @aCN@bTSSF@c20050929 |
| 905 | @a10447@dG301@e107 | |
| 真科学:它是什么,它指什么/(英)约翰·齐曼著/曾国屏,匡辉,张成岗译.-上海:上海科技教育出版社,2002 |
| 499页;20cm.-(哲人石丛书.第二辑.当代科学思潮系列) |
| ISBN 7-5428-3042-2:CNY32.40 |
| 本书作者从自然主义视角出发,对自然科学和人文科学进行了广角特写;通俗地介绍了科学的概念、建制、学术性、学院科学、知识产生的新模式等。 |
| ● |
| 相关链接 |
|
|
|
|
正题名:真科学
索取号:G301/107
 
预约/预借
| 序号 | 登录号 | 条形码 | 馆藏地/架位号 | 状态 | 备注 |
| 1 | 0363985 | 3639851 | 第一样本阅览室/ [索取号:G301/107] | 在馆 | |
| 2 | 0363986 | 3639860 | 第四借阅区/ [索取号:G301/107] | 在馆 | |
| 3 | 0363987 | 3639879 | 密集书库/ [索取号:G301/107] | 在馆 | |
| 4 | 0363988 | 3639888 | 密集书库/ [索取号:G301/107] | 在馆 | |
| 5 | 0363989 | 3639897 | 密集书库/ [索取号:G301/107] | 在馆 | |
| 6 | 0363990 | 3639904 | 第四借阅区/ [索取号:G301/107] | 在馆 |